[Event "Corus"]
[Site "Wijk aan Zee"]
[Date "2001.01.26"]
[Round "11"]
[White "Morozevich, Alexander"]
[Black "Topalov, Veselin"]
[Result "1/2-1/2"]
[WhiteElo "2745"]
[BlackElo "2718"]
[Annotator "Tsesarsky,I"]
[PlyCount "52"]
[EventDate "2001.01.13"]
[EventType "tourn"]
[EventRounds "13"]
[EventCountry "NED"]
[EventCategory "19"]
[SourceTitle "CBM 081"]
[Source "ChessBase"]
[SourceDate "2001.03.20"]
[SourceVersion "1"]
[SourceVersionDate "2001.03.20"]
[SourceQuality "1"]

1. e4 c5 2. Nf3 Nc6 3. d4 cxd4 4. Nxd4 g6 5. c4 Nf6 6. Nc3 d6 7. Be2 ({In my
opinion, more problems to Black makes the move} 7. f3 $5) 7... Nxd4 8. Qxd4 Bg7
9. O-O O-O 10. Qe3 ({More logical seems} 10. Bg5 $5 {and then Q can retreat to
d2 or e3- mainline.}) 10... Be6 ({Worth of attention also} 10... Nd7 {[%cal
Gd7c5] in some games played in 1967-1969 years Black reached good position:}
11. Bd2 (11. Kh1 Nc5 12. f4 Bxc3 13. bxc3 f5 $132 {[%csl Rc3,Rc4] 1/2-1/2
Smyslov,V-Furman,S/URS 1967/MCD (47)}) 11... Nc5 (11... a5 12. Rad1 Nc5 13. b3
Bd7 14. Nd5 e6 15. Nc3 Bc6 16. Be1 $132 {1/2-1/2 Gelfand,B-Pigusov,E/
Sverdlovsk 1987/TD (40)}) 12. Rac1 (12. Rad1 Bd7 13. Be1 (13. b4 Na4 $11 (13...
Ne6 14. Nd5 Nd4 15. Bc3 Nxe2+ 16. Qxe2 Bxc3 17. Nxc3 Rc8 18. Nd5 $11 {1-0
Gheorghiu,F-Martin Gonzalez,A/Torremolinos 1974/EXT 99 (20)})) 13... b6 14. f4
Na4 15. b3 Nxc3 16. Bxc3 Bxc3 17. Qxc3 Qc7 18. Qg3 Qc5+ 19. Kh1 Bc6 $11 {
0-1 Geller,E-Ostojic,P/Belgrade 1969/MCD (28)}) 12... Bd7 (12... a5 13. b3 Bd7
14. Bd1 Bc6 15. Bc2 e5 (15... e6 $132) 16. Rcd1 $14 {1/2-1/2 Matulovic,M-Parma,
B/Sarajevo 1969/MCL (41)}) 13. Rfd1 Bc6 14. f3 f5 15. exf5 gxf5 16. f4 Qb6 17.
b3 Ne4 $11 {0-1 Adamski,J-Furman,S/Polanica Zdroj 1967/MCD (40)}) ({Good also} 
10... Bd7 11. Bd2 Bc6 {-see commented game 1/2-1/2 Beshukov,S-Vokarev,S/Elista
1996/CBM 56/[Tsesarsky] (30)} (11... a6 $5 $132)) 11. Bd2 Qb6 {In commented
game 1-0 Petrosian,T-Browne,W/Nice 1974/EXT 2000/[Razuvaev/Geller] (41) the
last move is evaluated '+/=' by Razuvaev/Geller. I can't agree with this
opinion.} ({Interesting also} 11... a6 $5) ({but not} 11... Nd7 $143 $6 $14 {
[%cal Gd7c5,Gd7e5]}) ({or} 11... Ng4 $143 $6 $14 {[%cal Gg4e5]}) 12. Qxb6 (12.
b3 Qxe3 13. Bxe3 Rfc8 (13... Bd7 14. Rac1 Rfc8 15. Rfd1 Bc6 16. f3 a5 (16...
Kf8 17. Kf2 b6 $5 (17... a5 18. c5 dxc5 19. Bxc5 Bh6 20. Be3 Bxe3+ 21. Kxe3 e5
22. Na4 Bxa4 23. bxa4 Ke7 24. Rxc8 Rxc8 25. Rb1 $14 {1-0 Totsky,L-Isupov,V/
Orel 1992/EXT 97 (37)})) 17. Kf2 Nd7 18. Rc2 Rc7 19. Rdd2 Rac8 20. Kf1 Kf8 (
20... b5 21. cxb5 Bxc3 22. Rxc3 Bxb5 23. Rxc7 Bxe2+ 24. Kxe2 Rxc7 25. Kd1 $14)
21. Ke1 Be5 $1 (21... b5 $2 22. Nd5 $1 (22. cxb5 Bxb5) 22... Bxd5 23. Rxd5 $14
{1-0 Petrosian,T-Browne,W/Nice 1974/EXT 2000/ (41)}) 22. g3 Nc5 $132) (13...
Nd7 14. Rac1 Nc5 15. f4 a5 16. Rfe1 Rfe8 17. Bf1 {1/2-1/2 Ivkov,B-Jansa,V/La
Valetta 1980/EXT 2000 (17)}) 14. Rac1 Nd7 (14... a6 15. f3 (15. Na4 Rc6 16. Nb6
Re8 17. f3 Nd7 18. Nd5 Nc5 19. Rfd1 Kf8 20. Kf2 h6 21. h4 Rec8 22. Nb4 R6c7 23.
Nd5 Rc6 24. g3 $14 {1/2-1/2 Bach,E-Schmenger,F/Germany 1998/GER-chT2 (34)})
15... Nd7 16. f4 f5 17. exf5 gxf5 18. Bf3 Rc7 19. Rfe1 $16 {1-0 Keres,P-Hug,W/
Petropolis 1973/IZT (39)}) (14... Kf8 15. f3 Nd7 16. Nb5 a5 17. Nd4 {1/2-1/2
Balashov,Y-Vokarev,S/Omsk/Perm 1998/EXT 2000 (17)}) 15. Nd5 Kf8 16. Nf4 Nc5 17.
Nxe6+ fxe6 18. f3 a5 $132 {1/2-1/2 Savon,V-Tukmakov,V/Moscow 1973/URS-ch (41)})
(12. Rab1 Rfc8 13. b3 Qxe3 14. Bxe3 a6 15. Nd5 Nxd5 16. cxd5 Bd7 $11 {1/2-1/2
Sherzer,A-Brendel,O/Eger 1988/EXT 2000 (24)}) 12... axb6 13. a4 {This move
seems the best in this position. Another continuations lead to good
counterplay of Black:} (13. Rfc1 Rfc8 14. b3 Nd7 {1/2-1/2 Bobotsov,
M-Damjanovic,M/Reggio Emilia 1966/EXT 2000 (14)}) (13. f3 Nd7 14. b3 Ra3 $1 $15
{[%csl Ra1][%cal Gf8a8,Gg7a1]} (14... Rfc8 $6 15. a4 Nc5 (15... Bd4+ 16. Kh1
Nc5 17. Rab1 $14) 16. Rab1 Kf8 17. g3 Ke8 18. Kg2 h5 19. Bd1 Kd7 20. Bc2 $14 {
1-0 Boensch,U-Schwartz,B/Stralsund 1975/EXT 2000 (40)}) (14... b5 $5 15. cxb5
Rfc8 16. Rfc1 Bxb3 17. axb3 Rxa1 18. Rxa1 Bxc3 19. Bxc3 Rxc3 20. Ra7 Rc7 21.
Bc4 e6 $15)) (13. f4 Rfc8 14. b3 b5 15. cxb5 (15. f5 Bd7 $132 {0-1 Nilsson,
N-Schmied,A/Copenhagen 1997/EXT 2000 (30)}) 15... Nxe4 16. Nxe4 Bd4+ 17. Kh1
Bxa1 18. Rxa1 Rc2 19. a4 Bf5 20. Bd3 Bxe4 21. Bxe4 (21. Bxc2 Bxc2 22. a5 Bxb3
$44) 21... Rxd2 22. Bxb7 Ra5 $44 (22... Rb8 23. Bc6 $16 {1-0 Hausner,I-Tichy,V/
Marianske Lazne 1978/MCD (28)})) (13. Be3 $6 Rfc8 14. b3 Nd7 15. Rfc1 b5 $1 $17
{0-1 Dragomarezkij,E-Neverov,V/Moscow 1990/EXT 2000 (31)}) 13... Nd7 {After
this move White have to sacrifice P:} ({Black here was able to equalize after} 
13... Rfc8 $5 14. b3 $1 (14. Nd5 $2 Nxd5 $1 (14... Bxd5 15. exd5 Ne4 $132) 15.
exd5 (15. cxd5 Bd7 16. Be3 Rxa4 17. Rxa4 Bxa4 $17) 15... Bd7 16. Ra2 Rxa4 $15)
14... b5 $1 15. e5 $1 dxe5 16. Nxb5 Ne4 17. Bb4 Nc5 $132) 14. Ra3 (14. Ra3 Nc5
15. Rfa1 ({Or} 15. f3 Bxc3 16. Bxc3 Nxa4 17. Bd4 Nc5 18. Rfa1 Rxa3 19. Rxa3 Rc8
20. Ra7 $44) 15... Bxc3 $1 (15... Rfc8 $6 16. f3 $14) 16. Bxc3 Nxe4 17. Bd4 $44
Rfc8 (17... Nc5 18. a5 Rxa5 (18... bxa5 19. b4 Na6 20. Rxa5 Rac8 21. b5 Nb4 22.
Rc1 Ra8 23. Rca1 Rxa5 24. Rxa5 Rc8 25. Bc3 $16 {[%csl Rb4]}) 19. b4 Rxa3 20.
Rxa3 Nd7 21. Ra7 Rc8 22. Rxb7 Bxc4 23. Rxd7 Bxe2 24. f3 $44) 18. Re3 Bxc4 19.
Rxe4 Bxe2 20. Bc3 {Opponent colours BB is decisive factor of this position
evaluation: White has sufficient compensation for material lack} Bb5 21. Rxe7
Bxa4 22. Rxb7 Bc6 23. Rba7 Rxa7 24. Rxa7 g5 25. f3 h6 26. Kf2 b5 $44) 14... Nc5
15. Rfa1 ({Or} 15. f3 Bxc3 16. Bxc3 Nxa4 17. Bd4 Nc5 18. Rfa1 Rxa3 19. Rxa3 Rc8
20. Ra7 $44) 15... Bxc3 $1 (15... Rfc8 $6 16. f3 $14) 16. Bxc3 Nxe4 17. Bd4 $44
Rfc8 (17... Nc5 18. a5 Rxa5 (18... bxa5 19. b4 Na6 20. Rxa5 Rac8 21. b5 Nb4 22.
Rc1 Ra8 23. Rca1 Rxa5 24. Rxa5 Rc8 25. Bc3 $16 {[%csl Rb4]}) 19. b4 Rxa3 20.
Rxa3 Nd7 21. Ra7 Rc8 22. Rxb7 Bxc4 23. Rxd7 Bxe2 24. f3 $44) 18. Re3 Bxc4 19.
Rxe4 Bxe2 20. Bc3 {Opponent colours BB is decisive factor of this position
evaluation: White has sufficient compensation for material lack} Bb5 21. Rxe7
Bxa4 22. Rxb7 Bc6 23. Rba7 Rxa7 24. Rxa7 g5 25. f3 h6 26. Kf2 b5 $44 1/2-1/2

[Event "EU-ch 4th"]
[Site "Istanbul"]
[Date "2003.06.07"]
[Round "8"]
[White "Volokitin, Andrei"]
[Black "Zvjaginsev, Vadim"]
[Result "1/2-1/2"]
[WhiteElo "2572"]
[BlackElo "2664"]
[Annotator "Tsesarsky,I"]
[PlyCount "195"]
[EventDate "2003.05.30"]
[EventType "swiss"]
[EventRounds "13"]
[EventCountry "TUR"]
[SourceTitle "CBM 096"]
[Source "ChessBase"]
[SourceDate "2003.09.25"]
[SourceVersion "1"]
[SourceVersionDate "2003.09.25"]
[SourceQuality "1"]

1. e4 c5 2. Nf3 Nc6 3. d4 cxd4 4. Nxd4 g6 5. c4 Nf6 6. Nc3 Nxd4 7. Qxd4 d6 8.
Be2 Bg7 9. Be3 O-O 10. Qd2 Be6 11. O-O Qa5 12. f3 Rfc8 13. Rfc1 Bxc4 {This
capture leads to the endgame with pair of BB. This endgame pops up in several
games played this variation - see below.} (13... Nd7 14. Rab1 Bxc4 (14... a6
15. b3 Qb4 $14 (15... b5 $2 16. b4 Bxc3 (16... Qc7 $2 17. Nd5 Bxd5 18. cxb5 Qd8
19. exd5 $18 {1-0 Ivanov,A-Perelshteyn,E/Needham 1999/EXT 2002 (42)}) 17. Rxc3
$16)) (14... f5 {This plan isn't supported by Rf8-c8.} 15. b4 Qd8 16. exf5 Bxf5
17. Bd3 Ne5 18. Bxf5 gxf5 19. Nb5 $14 {1/2-1/2 Chumfwa,S-Mirzoev,A/Cairo 2002/
CBM 87 ext (54)}) 15. Nd5 Qxd2 16. Nxe7+ Kf8 17. Bxd2 Bd4+ 18. Kh1 Kxe7 19.
Bxc4 Nb6 20. Bb3 Rc6 (20... Rxc1+ 21. Rxc1 Rc8 22. Rxc8 Nxc8 23. Bd5 Bxb2 24.
Bxb7 Nb6 25. g3 $14 {-see detailed commented game  0-1 Aseev,K-Vokarev,S/
Elista 1996/CBM 56 [Tsesarsky,I](41)}) 21. Rd1 Rac8 22. g3 Nc4 23. Bg5+ f6 24.
Bf4 (24. Bh6 Be3 25. Bxc4 Bxh6 26. Bd5 R6c7 $11) 24... Be5 25. Bxc4 Rxc4 26.
Bxe5 dxe5 27. Rd2 $11 {-see detailed commented game 1/2-1/2 Rodriguez Cespedes,
A-Tiviakov,S/Ubeda 1998/CBM 62 ext [Tsesarsky,I](30)}) (13... a6 14. Rab1 Qd8 (
14... Qe5 15. b3 $14 {1-0 Iskusnyh,S-Tregubov,A/Tomsk 1999/EXT 2001 (31)}) (
14... Bxc4 15. Nd5 Qxd2 16. Nxe7+ Kf8 17. Bxd2 Kxe7 18. Bxc4 {Again and again
we see the same endgame.} b5 19. Bb3 $14 {1/2-1/2 Nikcevic,N-Bakre,T/Belgrade
2001/CBM 85 ext (31)}) 15. b3 Rab8 16. Ba7 (16. Kh1 Nd7 17. Nd5 Bxd5 18. exd5
$14 {0-1 Nikcevic,N-Pikula,D/Herceg Novi 1999/EXT 2001 (72)}) 16... Ra8 17. Be3
Rab8 18. Rc2 Kf8 19. Ba7 Ra8 20. Be3 Rab8 21. g3 $14 {1/2-1/2 Hendriks,W-Van
der Weide,K/Enschede 1996/CBM 55 ext (89)}) (13... h5 14. Rab1 Qd8 15. Nb5 a6
16. Nd4 Bd7 17. b4 $14 {1/2-1/2 Tukmakov,V-Cebalo,M/Mendrisio 1999/EXT 2000 
(34)}) 14. Nd5 Qxd2 15. Nxe7+ Kf8 16. Bxd2 Kxe7 17. Bxc4 (17. Rxc4 Rxc4 18.
Bxc4 Rc8 19. Rc1 Nd7 20. Bd5 Rxc1+ 21. Bxc1 $14 {_|_ 1-0 Drasko,M-Olivier,J/
Montpellier 2000/EXT 2001 (77)}) 17... Nd7 18. Rab1 Nb6 19. Bb3 Rc6 $1 {
[%mdl 4] Do you remember mentioned above game Rodriguez Cespedes,A-Tiviakov,S?
Rc8-c6 with the idea to play Ra8-c8, Nc4 was applied there and Black equalized.
This idea is very good and allows Black to equailize relatively easy.} (19...
Rxc1+ 20. Rxc1 Rc8 21. Rxc8 Nxc8 22. Bd5 Bxb2 23. Bxb7 Bd4+ 24. Kf1 Nb6 25. Ke2
$14 {_|_ 1-0 Vokarev,S-Isupov,V/Novokuznetsk 1999/EXT 2001 (52)}) 20. Kf1 (20.
Rxc6 bxc6 21. Kf1 a5 $132 {And pair of BB is compensated by strong initiative
and better pieces locations.}) 20... Rac8 21. Ke2 (21. Rxc6 Rxc6 22. Bg5+ (22.
Ke2 Nc4 23. Bxc4 Rxc4 24. Kd3 (24. Rc1 Rxc1 25. Bxc1 d5 $11) 24... Rd4+ $11 25.
Ke3 Rc4 26. Rc1 Rxc1 27. Bxc1 d5 28. exd5 Kd6 $11 {[%csl Rd5]}) 22... Bf6 23.
Bxf6+ Kxf6 24. Ke2 $14) 21... Nc4 22. Bg5+ (22. Bxc4 Rxc4 23. Rxc4 Rxc4 $11 {
-see above comments to the 21 move.}) 22... Bf6 23. h4 ({Or} 23. Bxf6+ Kxf6 24.
Bxc4 Rxc4 25. Rxc4 Rxc4 26. Kd3 Rc7 27. f4 Ke6 28. g4 d5 $11) 23... Na5 24.
Rxc6 Rxc6 25. Bd1 (25. Ba4 Rc4 26. b4 Nc6 27. Bxc6 Rxc6 28. Rb2 b5 $11) 25...
Nc4 26. Ba4 ({Interesting is} 26. f4 h6 (26... b5 27. Rc1 h5 28. b3 Bxg5 29.
hxg5 Na5 30. Rxc6 Nxc6 31. Ke3 $14) 27. Bxh6 Bxh4 28. Ba4 Rc5 29. g4 Bf6 30. g5
Bd4 31. b4 Rc8 32. Kd3 Be3 33. Bb3 Nd2 $11) 26... Rb6 27. Bb3 Rc6 28. Ba4 Rb6
29. b3 Bxg5 30. hxg5 Na3 31. Rc1 Rb4 32. Rc7+ Kd8 33. Rxf7 ({More precisely was
} 33. Rd7+ Kc8 34. Rxf7 b5 35. Bxb5 Nxb5 36. Rxh7 a5 $11 (36... d5 37. exd5
Nc3+ 38. Kd3 Nxd5 39. Rxa7 $14)) 33... b5 34. Rxh7 $6 $15 ({Possibly} 34. Bxb5
Nxb5 35. Rxh7 a5 $11) 34... bxa4 35. Rxa7 Nb5 (35... axb3 36. axb3 Rxb3 37. Rg7
Nc4 38. Rxg6 Ke7 $15) 36. Ra8+ Ke7 37. bxa4 Nc7 38. Rh8 (38. Ra7 Kd7 39. Ke3
Kc6 {[%csl Ra7][%cal Gc6b6]} 40. a5 $8 Ra4 41. g3 Ra3+ 42. Kf2 Rxa2+ 43. Ke3
Ra3+ 44. Kf2 Ra4 45. Ke3 Kd7 {[%csl Ra7][%cal Gd7c8,Gc8b8]} 46. f4 Kc8 47. a6
$8 Kd7 48. f5 $11) 38... Ne6 (38... Rxa4 39. Rh7+ Kd8 40. Rh8+ Kd7 41. Rh7+ Kc6
42. Rh6 Ne6 43. Kf1 Nxg5 44. Rxg6 Nf7 $15) 39. Rh7+ Ke8 40. a5 Ra4 41. Ra7
Rxa2+ 42. Kf1 Nxg5 43. Rg7 Ne6 44. Rxg6 Kf7 45. Rh6 Rxa5 {This position
actually is drawn, but Black can try to realise his certain initiative. Even
if Black will exchange all white P for his single P it will not be a problem
to for White to save the game.} 46. Rh7+ Kg6 47. Rd7 Ra6 48. Kf2 Kf6 49. Kg3
Nc5 50. Rd8 Ke7 51. Rh8 Ne6 52. Rh7+ Kf6 53. Rd7 Nf8 54. Rd8 Ke7 55. Rb8 Ra2
56. f4 Nd7 57. Rb7 Ra3+ 58. Kg4 Re3 59. Kf5 ({Badly is} 59. e5 $2 {in view of}
d5 60. Kf5 d4 61. g4 d3 62. Rb4 Nc5 63. Rd4 Re2 64. g5 d2 65. g6 Nb3 66. Rd6
Re1 $19) 59... Rg3 60. e5 dxe5 61. fxe5 Rxg2 62. Ra7 {Next step is to capture
Pe5.} Rf2+ 63. Ke4 Re2+ 64. Kf4 Re1 65. Ra5 Nb6 66. Rb5 Nc4 67. Rc5 Rc1 68. Ke4
Re1+ 69. Kd4 Ne3 70. Rc7+ Ke6 71. Rc6+ Kd7 72. Rd6+ Ke7 73. Ra6 Ng4 74. Ra7+
Ke6 75. Ra6+ Kf7 76. e6+ Kf6 77. Kc5 Ke7 78. Kd5 Nf6+ 79. Kd4 Nh5 {[%cal Gh5f4,
Gf4e6]} 80. Ra7+ Kxe6 {All right, the P is captured, but the game is equal.}
81. Ra6+ Kf5 82. Ra5+ Kg4 83. Ra8 Nf4 84. Rg8+ Kf3 85. Rf8 Ra1 86. Ke5 Ke3 87.
Rb8 Ra5+ 88. Kd6 Nd3 89. Rh8 Ke4 90. Rh4+ Nf4 91. Rh8 Kd4 92. Rc8 Rh5 93. Kc6
Nd5 94. Rd8 Kc4 95. Kd6 Nf4 96. Rg8 Kb5 97. Rb8+ Kc4 98. Ra8 1/2-1/2